000 01091nam a2200241Ii 4500
003 JO-AjNU
005 20240629132327.0
008 230605s9999||||xx |||||||||||||| ||und||
040 _aJO-AjNU
_bara
_erda
_cJO-AjNU
041 _aara
050 1 4 _aKBP637 2021
100 _aعنانزه، علي محمد قويدر
_eمعد
_965819
245 0 0 _aالتنظيم القانوني للوقف القضائي في الدعوى المدنية في القانون الاردني=Legal regulation to judicial suspension in the civil case in the law of jordan
_c/ اعداد علي محمد قويدر عنانزه ؛ اشراف محمد بني مقداد
264 3 1 _a2021
300 _a130 ورقة
336 _atext
_btxt
_2rdacontent
337 _aunmediated
_bn
_2rdamedia
338 _avolume
_bnc
_2rdacarrier
500 _aرسالة جامعية ( اطروحة ماجستير) جامعة عجلون الوطنية: كلية الحقوق ، قانون،2021
650 4 _aالوقف- قوانين
_961307
700 _aمحمد بني مقداد
_eمشرف
_965821
942 _2lcc
_cTHS
999 _c31272
_d31272